000 01064nam a2200301 a 4500
003 MX-MxUPN
005 20240920064400.0
008 991125s1927 sp gr 000 0 spa d
035 _aUPN01000024671
040 _aMX-MxUPN
_bspa
_cMX-MxUPN
041 _aspa
050 4 _aLC1021 C5
_bD4.3b
100 1 _aDewey, John,
_d1859-1952
_928071
245 1 4 _aLos fines, las materias y los métodos de la educación :
_bla educación y la democracia II
260 _aMadrid :
_bEdiciones de la Lectura,
_c1927
300 _a279 páginas
490 0 _aCiencia y educación. Contemporánea ;
_v21
650 4 _aDemocracia
_96020
650 4 _aEducación
_xFines y objetivos
_94837
650 0 _aEducación clásica
_916408
650 2 _aMétodos de enseñanza
_95706
710 1 _951349
_aMéxico.
_bSecretaría de Educación Pública.
_bBiblioteca Pública
_epropietario anterior
710 2 _951335
_aMuseo Pedagógico Nacional (México)
_epropietario anterior
902 _bMaríaRobles/260824
904 _aAC
_b024672
905 _aLibro
942 _2lcc
_cLIBRO
_n0
999 _c24671
_d24671